UITU Library & LRC     

Power Factor Improvement Chamber (Record no. 33320)

MARC details
000 -LEADER
fixed length control field 00457nam a2200133Ia 4500
008 - FIXED-LENGTH DATA ELEMENTS--GENERAL INFORMATION
fixed length control field 260210s9999 xx 000 0 und d
024 ## - OTHER STANDARD IDENTIFIER
Standard number or code 13B-029-EL, 13B-032-EL, 13B-037-EL & 13B-076-El
082 ## - DEWEY DECIMAL CLASSIFICATION NUMBER
Classification number 621.381072 NOM
100 ## - MAIN ENTRY--PERSONAL NAME
Personal name Noman Tariq, Maaz Khan, Ibad Ullah Qureshi & Muhammad Irfan
245 #0 - TITLE STATEMENT
Title Power Factor Improvement Chamber
260 ## - PUBLICATION, DISTRIBUTION, ETC.
Place of publication, distribution, etc. Karachi:
Name of publisher, distributor, etc. UITU,
Date of publication, distribution, etc. 2013
600 ## - SUBJECT ADDED ENTRY--PERSONAL NAME
Personal name Power Engineering
650 ## - SUBJECT ADDED ENTRY--TOPICAL TERM
Topical term or geographic name entry element Bachelor of Engineering (BE)

No items available.

Powered by Koha